Adventures with the Buddha : (Record no. 93613)
[ view plain ]
| 000 -LEADER | |
|---|---|
| campo de control de longitud fija | 01418cam a2200313M 4500 |
| 001 - NÚMERO DE CONTROL | |
| campo de control | 87338 |
| 005 - FECHA Y HORA DE LA ÚLTIMA TRANSACCIÓN | |
| campo de control | 20230410142327.0 |
| 008 - DATOS DE LONGITUD FIJA--INFORMACIÓN GENERAL | |
| campo de control de longitud fija | 091207s2005 nyu 000 u eng d |
| 035 ## - NÚMERO DE CONTROL DEL SISTEMA | |
| Número de control de sistema | (OCoLC)ocn474959158 |
| 040 ## - FUENTE DE CATALOGACIÓN | |
| Centro catalogador/agencia de origen | DKDLA |
| Lengua de catalogación | dan |
| Centro/agencia transcriptor | DKDLA |
| 020 ## - NÚMERO INTERNACIONAL ESTÁNDAR DEL LIBRO | |
| Número Internacional Estándar del Libro | 0393059065 |
| 020 ## - NÚMERO INTERNACIONAL ESTÁNDAR DEL LIBRO | |
| Número Internacional Estándar del Libro | 9780393059069 |
| 029 0# - OTRO NÚMERO DE CONTROL DE SISTEMA (OCLC) | |
| Identificador de la biblioteca OCLC | DKDLA |
| Número de control de sistema | 31162964 |
| 035 ## - NÚMERO DE CONTROL DEL SISTEMA | |
| Número de control de sistema | (OCoLC)474959158 |
| 084 ## - OTRO NÚMERO DE CLASIFICACIÓN | |
| Número de clasificación | 29.43 |
| Fuente del número | z |
| 049 ## - FONDOS LOCALES (OCLC) | |
| Biblioteca depositaria | GRAL |
| 050 14 - SIGNATURA TOPOGRÁFICA DE LA BIBLIOTECA DEL CONGRESO | |
| Número de clasificación | BQ 843 |
| Número de ítem | P145a 2005 |
| 100 1# - ENTRADA PRINCIPAL--NOMBRE DE PERSONA | |
| Nombre de persona | Paine, Jeffery. |
| 245 10 - MENCIÓN DEL TÍTULO | |
| Título | Adventures with the Buddha : |
| Resto del título | a personal Buddhism reader / |
| Mención de responsabilidad, etc. | Jeffery Paine. |
| 250 ## - MENCION DE EDICION | |
| Mención de edición | 1. edition. |
| 260 ## - PUBLICACIÓN, DISTRIBUCIÓN, ETC. | |
| Lugar de publicación, distribución, etc. | New York : |
| Nombre del editor, distribuidor, etc. | Norton, |
| Fecha de publicación, distribución, etc. | 2005. |
| 300 ## - DESCRIPCIÓN FÍSICA | |
| Extensión | 410 sider. |
| 505 0# - NOTA DE CONTENIDO CON FORMATO | |
| Nota de contenido con formato | Indhold:Tibet as it once was / Alexandra David-Neel -- A Himalayan guru of the old style / Lama Anagarika Govinda -- The lost world of Chinese Buddhism / John Blofeld -- Taoism and/or Buddhism?. Janwillem van de Wetering: Reality in a zen monastery / Peter Goullart -- An African-American woman's journey / Jan Willis -- In search of women's wisdom / Isultrim Allione -- Suffering and its partial cure / Sharon Salzberg -- The diamond sutra / Michael Roach -- The diamond business. |
| 520 8# - RESUMEN, ETC. | |
| Sumario, etc. | Beretning fra 9 vesterlµndinges rejser i Kina, Tibet, Japan, Nepal og Indien. Her fortµller de, hvordan buddhismen er blevet en integreret del af deres liv. |
| 650 #4 - PUNTO DE ACCESO ADICIONAL DE MATERIA--TÉRMINO DE MATERIA | |
| Término de materia o nombre geográfico como elemento de entrada | Budismo. |
| 942 ## - ELEMENTOS DE ENTRADA SECUNDARIOS (KOHA) | |
| Fuente del sistema de clasificación o colocación | Clasificación de Library of Congress |
| Tipo de ítem Koha | |
| 994 ## - | |
| -- | C0 |
| -- | DRFGD |
| 946 ## - PROCESAMIENTO DE INFORMACIÓN LOCAL (OCLC) | |
| a | rdc |
| Estatus retirado | Estado de pérdida | Fuente del sistema de clasificación o colocación | Estado de daño | No para préstamo | Colección | Biblioteca de origen | Biblioteca actual | Ubicación en estantería | Fecha de adquisición | Serial enumeration / chronology | Signatura topográfica completa | Código de barras | Visto por última vez | Copia número | Tipo de ítem Koha |
|---|---|---|---|---|---|---|---|---|---|---|---|---|---|---|---|
| Clasificación de Library of Congress | Humanidades | Biblioteca Juan Bosch | Biblioteca Juan Bosch | Humanidades (4to. Piso) | 10/04/2023 | 1 | BQ 843 P145a 2005 | 00000076677 | 17/11/2018 | 1 |
